000 00413nam a22001097a 4500
082 _a910
100 _aबर्णमाल,महेश कुमार
_978621
245 _aविश्‍व का भूगोल NCERT सार ( कक्षा VI-XII सहित)
260 _aदिल्‍ली
_bकोसमोस प्रकाशन
_c2023
650 _aभूगोल
_936415
942 _cHIN
999 _c66254
_d66254